<?xml version="1.0" encoding="UTF-8"?>
<record
    xmlns:xsi="http://www.w3.org/2001/XMLSchema-instance"
    xsi:schemaLocation="http://www.loc.gov/MARC21/slim http://www.loc.gov/standards/marcxml/schema/MARC21slim.xsd"
    xmlns="http://www.loc.gov/MARC21/slim">

  <leader>00643nam a2200241Ia 4500</leader>
  <controlfield tag="003">OSt</controlfield>
  <controlfield tag="005">20250301094758.0</controlfield>
  <controlfield tag="008">210323s9999||||xx |||||||||||||| ||und||</controlfield>
  <datafield tag="040" ind1=" " ind2=" ">
    <subfield code="c">STCPL</subfield>
  </datafield>
  <datafield tag="041" ind1=" " ind2=" ">
    <subfield code="a">ENG</subfield>
  </datafield>
  <datafield tag="082" ind1=" " ind2=" ">
    <subfield code="a">550.03</subfield>
    <subfield code="b">STE-D</subfield>
  </datafield>
  <datafield tag="245" ind1=" " ind2="2">
    <subfield code="a">A dictionary of earth sciences /</subfield>
    <subfield code="c">edited by Stella E Stiegeler </subfield>
  </datafield>
  <datafield tag="260" ind1=" " ind2=" ">
    <subfield code="a">New Delhi :</subfield>
    <subfield code="b">Macmillan India Limited ,</subfield>
    <subfield code="c">1976 .</subfield>
  </datafield>
  <datafield tag="300" ind1=" " ind2=" ">
    <subfield code="a">301 p.</subfield>
    <subfield code="b">HB</subfield>
  </datafield>
  <datafield tag="650" ind1=" " ind2=" ">
    <subfield code="a">Earth sciences</subfield>
  </datafield>
  <datafield tag="650" ind1=" " ind2=" ">
    <subfield code="a">Dictionary</subfield>
  </datafield>
  <datafield tag="650" ind1=" " ind2=" ">
    <subfield code="a">Geophysics</subfield>
  </datafield>
  <datafield tag="650" ind1=" " ind2=" ">
    <subfield code="a">Environmental studies</subfield>
  </datafield>
  <datafield tag="650" ind1=" " ind2=" ">
    <subfield code="a">Environmental dictionary</subfield>
  </datafield>
  <datafield tag="700" ind1=" " ind2=" ">
    <subfield code="a">Stiegeler, Stella E (ed.)</subfield>
  </datafield>
  <datafield tag="942" ind1=" " ind2=" ">
    <subfield code="c">BK</subfield>
  </datafield>
  <datafield tag="942" ind1=" " ind2=" ">
    <subfield code="2">ddc</subfield>
    <subfield code="n">0</subfield>
  </datafield>
  <datafield tag="999" ind1=" " ind2=" ">
    <subfield code="c">30584</subfield>
    <subfield code="d">30584</subfield>
  </datafield>
  <datafield tag="952" ind1=" " ind2=" ">
    <subfield code="0">0</subfield>
    <subfield code="1">0</subfield>
    <subfield code="2">ddc</subfield>
    <subfield code="4">0</subfield>
    <subfield code="8">BIO</subfield>
    <subfield code="7">1</subfield>
    <subfield code="a">STCPL</subfield>
    <subfield code="b">STCPL</subfield>
    <subfield code="c">R-LIF</subfield>
    <subfield code="d">2021-07-10</subfield>
    <subfield code="g">160.00</subfield>
    <subfield code="l">0</subfield>
    <subfield code="o">550.03  STE-D</subfield>
    <subfield code="p">43064</subfield>
    <subfield code="r">2021-07-10 00:00:00</subfield>
    <subfield code="w">2021-07-10</subfield>
    <subfield code="y">BK</subfield>
  </datafield>
</record>
